Minecraft Mobs Quiz (part 2) - Statistics

General Stats
  • This quiz has been taken 99 times
  • The average score is 16 of 20
Answer Stats
Description Answer % Correct
1. It's made using 4 iron blocks and a pumpkin Iron Golem
97%
2. You can tame it with bones Wolf
97%
3. Lives in it's hut in a swamp Witch
91%
10. It's made using 2 snow blocks and a pumpkin Snow Golem
89%
20. Flying creature in the nether that is always sad for some reason Ghast
84%
6. One of the most long-lasing trends in real life (hint: green cubes) Slime
84%
5. The only flying mammel in real life (hint: it's black) Bat
82%
4. Neutral mob that only spawns in snowy biomes Polar Bear
82%
12. Nickname: Flying Fire Blaze
78%
14. Undead horse #1 Skeleton Horse
78%
11. Bird that can't fly Chicken
76%
16. Super rare mob that only appears if you throw an ender pearl or if an enderman teleports Endermite
76%
19. Aww, poor villager, it turned into a ... Zombie Villager
76%
17. Zombie-like creature that only spawns in deserts and does'nt burn in the daylight Husk
75%
15. Undead horse #2 Zombie Horse
75%
8. Hostile blue underwater mobs Guardian
68%
9. The mom and/or dad of #8. Elder Guardian
66%
7. Passive blue underwater mobs Squid
66%
13. #11. riding a zombie Chicken Jockey
64%
18. Skeleton-like creature that only spawns in snowy biomes and does'nt burn in the daylight Stray
64%
No matching quizzes found
Score Distribution
Percent of People with Each Score
Percentile by Number Answered
Your Score History
You have not taken this quiz